Ducks at a Distance : (Record no. 248139)
[ view plain ]
| 000 -LEADER | |
|---|---|
| fixed length control field | 01542cam a22003013a 4500 |
| 001 - CONTROL NUMBER | |
| control field | 18884 |
| 003 - CONTROL NUMBER IDENTIFIER | |
| control field | PGUSA |
| 005 - DATE AND TIME OF LATEST TRANSACTION | |
| control field | 20140828083412.0 |
| 008 - FIXED-LENGTH DATA ELEMENTS--GENERAL INFORMATION | |
| fixed length control field | 060721s2006||||xxu|||||s|||||000 | eng d |
| 040 ## - CATALOGING SOURCE | |
| Original cataloging agency | PGUSA |
| Language of cataloging | eng |
| 042 ## - AUTHENTICATION CODE | |
| Authentication code | dc |
| 050 #4 - LIBRARY OF CONGRESS CALL NUMBER | |
| Classification number | QL |
| 100 1# - MAIN ENTRY--PERSONAL NAME | |
| Personal name | Hines, Bob |
| 245 10 - TITLE STATEMENT | |
| Title | Ducks at a Distance : |
| Remainder of title | A Waterfowl Identification Guide |
| Medium | [electronic resource] / |
| Statement of responsibility, etc | Bob Hines |
| 260 ## - PUBLICATION, DISTRIBUTION, ETC. (IMPRINT) | |
| Name of publisher, distributor, etc | Project Gutenberg, |
| Date of publication, distribution, etc | 2006 |
| 505 0# - FORMATTED CONTENTS NOTE | |
| Formatted contents note | Identification is Important -- What to Look For -- Eclipse Plumage -- Species Identification: -- -- Puddle Ducks -- Mallard -- Pintail -- Gadwall -- Wigeon -- Shoveler -- Blue-Winged Teal -- Cinnamon Teal -- Green-Winged Teal -- Wood Duck -- Black Duck -- Diving Ducks -- Canvasback -- Redheads -- Ringneck -- Scaup -- Goldeneye -- Bufflehead -- Ruddy -- Red-Breasted Merganser -- Common Merganser -- Hooded Merganser -- Whistling Ducks -- White-Winged Scoter -- Surf Scoter -- Black Scoter -- Common Eider -- Oldsquaw -- Harlequin -- Swans -- Canada Geese -- Brant -- Snow -- White-Fronted Geese -- -- At a Glance Guide -- Comparative Sizes Of Waterfowl -- Wetlands Attract Wildlife -- Administrative Waterfowl Flyways |
| 506 ## - RESTRICTIONS ON ACCESS NOTE | |
| Terms governing access | Public domain in the USA. |
| 516 ## - TYPE OF COMPUTER FILE OR DATA NOTE | |
| Type of computer file or data note | Electronic text |
| 653 ## - INDEX TERM--UNCONTROLLED | |
| Uncontrolled term | Ducks -- Canada -- Identification |
| 653 ## - INDEX TERM--UNCONTROLLED | |
| Uncontrolled term | Waterfowl |
| 653 ## - INDEX TERM--UNCONTROLLED | |
| Uncontrolled term | Anatidae |
| 653 ## - INDEX TERM--UNCONTROLLED | |
| Uncontrolled term | Birds |
| 653 ## - INDEX TERM--UNCONTROLLED | |
| Uncontrolled term | Ducks |
| 653 ## - INDEX TERM--UNCONTROLLED | |
| Uncontrolled term | Ducks -- United States -- Identification |
| 830 #0 - SERIES ADDED ENTRY--UNIFORM TITLE | |
| Uniform title | Project Gutenberg |
| Volume number/sequential designation | 18884 |
| 856 40 - ELECTRONIC LOCATION AND ACCESS | |
| Uniform Resource Identifier | <a href="http://www.gutenberg.org/ebooks/18884">http://www.gutenberg.org/ebooks/18884</a> |
| 942 ## - ADDED ENTRY ELEMENTS (KOHA) | |
| Koha item type | eBooks |
| Withdrawn status | Lost status | Damaged status | Home library | Current library | Date acquired | Total Checkouts | Date last seen | Price effective from | Koha item type |
|---|---|---|---|---|---|---|---|---|---|
| Project Gutenberg | Project Gutenberg | 08/28/2014 | 08/28/2014 | 08/28/2014 | eBooks |